000
00304nam a22001337a 4500
008
170214b xxu||||| |||| 00| 0 eng d
020
_a
0915473763
041
_a
eng
080
_2
2ND
_a
61
100
_a
4
101
_a
SHM
245
_a
GUIDELINES FOR WOMEN'S HEALTH CARE
_c
HERBERT, H.N
942
_2
udc
_c
BK
999
_c
5380
_d
5380